| 000 | 00576nam a22001817a 4500 | ||
|---|---|---|---|
| 005 | 20180824123456.0 | ||
| 010 | _aENG-123758 | ||
| 020 |
_a9788178243252 _c295.00 |
||
| 035 | _aEN-107290 | ||
| 037 | _bDBAD/PUB | ||
| 082 | _a230.33 | ||
| 245 |
_aNivedan: _ctranslated & ed.by Meera Kosambi _bthe autobiography of Dharamnand Kosambi / |
||
| 260 |
_aRanikhet _bPermanent Black _c2011 |
||
| 270 |
_aHimalayana, Mall Road, Ranikhet Cantt. _bRanikhet _e263645 |
||
| 300 | v |
_axii,192p. _c21cm(pbk) _bill. |
|
| 500 | _aIt includes references | ||
| 942 |
_2ddc _cEN _m230.33 _hNIV |
||
| 999 |
_c156263 _d156263 |
||